Memoria acerca del estado del Instituto General y Técnico de Navarra durante el curso de 1924-1925 / (Record no. 33078)

MARC details
000 -LEADER
campo de control de longitud fija 00634nam a2200181 i 4500
001 - NÚMERO DE CONTROL
campo de control 33078
003 - IDENTIFICADOR DE NÚMERO DE CONTROL
campo de control ES-MaACL
005 - FECHA Y HORA DE LA ÚLTIMA TRANSACCIÓN
campo de control 20230906154706.0
007 - CAMPO FIJO DE DESCRIPCIÓN FÍSICA--INFORMACIÓN GENERAL
campo de control de longitud fija t|
008 - DATOS DE LONGITUD FIJA--INFORMACIÓN GENERAL
campo de control de longitud fija 030201s1926 sp ||||1| spa d
110 0# - ENTRADA PRINCIPAL--NOMBRE DE ENTIDAD CORPORATIVA
Nombre de entidad corporativa o nombre de jurisdicción como elemento de entrada Instituto General y Técnico de Navarra.
9 (RLIN) 5067
245 10 - MENCIÓN DEL TÍTULO
Título Memoria acerca del estado del Instituto General y Técnico de Navarra durante el curso de 1924-1925 /
Mención de responsabilidad, etc. José Berasain Erro.
260 ## - PUBLICACIÓN, DISTRIBUCIÓN, ETC.
Lugar de publicación, distribución, etc. Pamplona :
Nombre del editor, distribuidor, etc. M. Faleés,
Fecha de publicación, distribución, etc. 1926.
300 ## - DESCRIPCIÓN FÍSICA
Extensión 55 p. ;
Dimensiones 21 cm.
610 24 - PUNTO DE ACCESO ADICIONAL DE MATERIA--NOMBRE DE ENTIDAD CORPORATIVA
Nombre de entidad corporativa o nombre de jurisdicción como elemento de entrada Instituto General y Técnico de Navarra-
Subdivisión de forma Memorias.
9 (RLIN) 159286
700 0# - ENTRADA AGREGADA--NOMBRE PERSONAL
Nombre de persona Berasain Erro, José.
9 (RLIN) 27827
852 ## - LOCALIZACIÓN
Ubicación ES-MaACL
Número de control de estantería 1704-F-35
Holdings
Estatus retirado Estado de pérdida Estado de daño No para préstamo Colección Biblioteca de origen Biblioteca actual Ubicación en estantería Fecha de adquisición Fuente de adquisición Total de préstamos Signatura topográfica completa Código de barras Visto por última vez Precio de reemplazo Tipo de ítem Koha
        Colección de folletos Biblioteca del Ateneo de Madrid Biblioteca del Ateneo de Madrid Depósito folletos 17/01/2008     1704-F-35 1034381 23/02/2023 23/02/2023 Folleto